All Indycar and Formula E drivers - Statistics

General Stats
  • This quiz has been taken 10 times
  • The average score is 7 of 17
Answer Stats
Hint Answer % Correct
2016-19๐Ÿ‡ธ๐Ÿ‡ช Felix Rosenqvist
100%
2014-15๐Ÿ‡บ๐Ÿ‡ธ Scott Speed
80%
2014-15๐Ÿ‡ฏ๐Ÿ‡ต Takuma Sato
80%
2016-17๐Ÿ‡ฒ๐Ÿ‡ฝ Esteban Gutierrez
60%
2022๐Ÿ‡บ๐Ÿ‡ธ Oliver Askew
60%
2023-24๐Ÿ‡ฌ๐Ÿ‡ง Jordan King
40%
2014-15๐Ÿ‡ฌ๐Ÿ‡ง Justin Wilson
40%
2006-25๐Ÿ‡บ๐Ÿ‡ธ Marco Andretti
40%
2014-15๐Ÿ‡ช๐Ÿ‡ธ Oriol Serviร 
40%
2014-15๐Ÿ‡จ๐Ÿ‡ญ Simona de Silvestro
40%
2023-24๐Ÿ‡ฌ๐Ÿ‡ง Tom Blomqvist
40%
2014-15๐Ÿ‡ซ๐Ÿ‡ท Franck Montagny
20%
2014-15๐Ÿ‡จ๐Ÿ‡ณ Ho-Pin Tung
20%
2014-15๐Ÿ‡ฌ๐Ÿ‡ง Katherine Legge
20%
2017-18๐Ÿ‡ฎ๐Ÿ‡น Luca Filippi
20%
2016๐Ÿ‡ฆ๐Ÿ‡บ๐Ÿ‡บ๐Ÿ‡ธ Matthew Brabham
20%
2015-17๐Ÿ‡ฌ๐Ÿ‡ง Mike Conway
20%
No matching quizzes found
Score Distribution
Percent of People with Each Score
Percentile by Number Answered
Your Score History
You have not taken this quiz